00730nam a22002057a 4500003000400000005001700004008004100021020001800062040000900080100003200089245010700121260003200228300001100260490002400271650003400295650007300329942001300402999001500415952009400430OSt20130510113054.0130510s2007 sp ||||| |||| 00| 0 cat d a9788493536022 cCDMR1 92519aMicó, Josep Lluís10aInformar a la TDTb: notícies, reportatges i documentals a la nova televisiócJosep Lluís Micó aBarcelonabTrípodosc2007 a202 p.0 aPapers d'Estudiv190493157aTelevisióxNoticiaris0493080aMitjans de comunicació de massaxInnovacions tecnològiques 2udccMON c6216d6216 00104070aCDMRbCDMRd2013-01-16l0oFo 6/3pCDMR13056378Lr2013-05-10w2013-05-10yMON